| 000 | 01085nam a22003017a 4500 | ||
|---|---|---|---|
| 003 | DO-SdBNP | ||
| 005 | 20230710095206.0 | ||
| 007 | ta | ||
| 008 | 221102b2015 dr a|||| |||| 00| 0 spa d | ||
| 020 | _a9789945465815 | ||
| 040 |
_aDO-SdBNP _bspa _cBPMSU |
||
| 082 | 4 |
_aRD861.44 _bL937c 2015 _222 |
|
| 100 | 1 | _aLuciano López, Margarita | |
| 245 | 1 | 0 |
_aCorazón de mermelada / _cMargarita Luciano López ; edición Daniel Torres Mata ; corrección Arsenio Hernández Fortuna; ilustraciones Vìctor Manuel |
| 260 |
_aSanto Domingo : _bEdiciones CP, _c2015. |
||
| 300 |
_a79 p. : _bil. ; _c22 cm. |
||
| 490 | 0 | _aLa casa de la poesìa | |
| 500 | _aIncluye datos biográficos de la autora en la contracubierta | ||
| 590 | _aInventariado, 2023/VM | ||
| 650 | 4 | _aPoesía infantil dominicana | |
| 650 | 4 | _aLiteratura Infantil dominicana | |
| 650 | 4 |
_alibros infantiles _2 |
|
| 700 | 1 |
_aTorres Mata, Daniel, _eed. |
|
| 700 | 1 |
_aHernández Fortuna, Arsenio, _ecorrec. |
|
| 700 | 1 |
_aManuel, Vìctor _eils. |
|
| 910 | _a VMateo V. Control de calidad (BPMSU) | ||
| 942 |
_2ddc _cBK |
||
| 999 |
_c14410 _d14410 |
||